| 000 | 005300000a22001930004500 | ||
|---|---|---|---|
| 003 | LK-CoMWRAF | ||
| 005 | 20231114220829.0 | ||
| 008 | 230817t2003 ||||| |||| 00| 0 eng d | ||
| 020 | _a0143030000 | ||
| 040 |
_aLK-CoMWRAF _dLK-CoMWRAF _eLK-CoMWRAF |
||
| 041 | _aeng | ||
| 082 |
_a428 _bCHO |
||
| 100 | _aChomsky, Noam | ||
| 245 |
_aOn Language : _bChomsky`s classic works language and responsibility and reflections on language |
||
| 260 |
_aIndia : _bPenguin, _c2003 |
||
| 300 | _a269p | ||
| 650 | _aLinguistics | ||
| 942 | _cBK | ||
| 999 |
_c1202 _d1202 |
||